[Event "11th Asia-ch - Manny Pacquiao Cup"]
[Site "Manila PHI"]
[Date "2013.05.25"]
[Round "8"]
[White "Senador, Emmanuel"]
[Black "Bersamina, Paulo"]
[Result "1/2-1/2"]
[WhiteElo "2343"]
[BlackElo "2283"]
[EventDate "2013.05.18"]
[PlyCount "172"]

1.e4 c5 2.Nf3 g6 3.d4 cxd4 4.c3 Bg7 5.cxd4 d5 6.e5 Bg4 7.Bb5+ Nc6 8.O-O 
Nh6 9.Nbd2 O-O 10.Bxc6 bxc6 11.h3 Bxf3 12.Nxf3 Qb6 13.b3 c5 14.dxc5 Qxc5 
15.Bg5 e6 16.Qd2 Nf5 17.Rac1 Qb6 18.Rfe1 Rac8 19.Kh1 h6 20.Bf4 g5 21.Bh2 
Rfd8 22.g4 Ne7 23.h4 gxh4 24.Nxh4 Ng6 25.Nf3 Qb7 26.Qd4 Qb6 27.Qd2 Bf8 28.
Bg3 Qb4 29.Qxb4 Bxb4 30.Rxc8 Rxc8 31.Re2 Rc1+ 32.Kg2 Bc3 33.Re3 Rc2 34.Rd3
Ba5 35.a3 Bb6 36.Nd2 Kg7 37.Kf1 Bc7 38.Nf3 Ra2 39.b4 Rc2 40.Kg2 Rc4 41.Rd4
Rc3 42.a4 Bb6 43.Rd1 Rc4 44.a5 Bc7 45.Rd4 Rc3 46.Rd1 Bd8 47.Ra1 a6 48.b5 
axb5 49.a6 Rc8 50.a7 Ra8 51.Ra6 b4 52.Nd4 Be7 53.Nb3 Bg5 54.Kf3 Kf8 55.Ke2
Ke8 56.f3 Bd8 57.f4 Ne7 58.Bf2 Nc8 59.Kd3 Kd7 60.f5 Ke7 61.Bc5+ Kd7 62.Be3
Ke7 63.Nd4 Bb6 64.fxe6 fxe6 65.Nc6+ Kd7 66.Bxb6 Kxc6 67.Bd4+ Kb5 68.Ra1 
Nb6 69.Bf2 Nc4 70.Bd4 Na5 71.Rc1 Nb3 72.Rc7 Nxd4 73.Kxd4 Kb6 74.Re7 Rxa7 
75.Rxe6+ Kb5 76.Rxh6 b3 77.Kc3 Rg7 78.Kxb3 Rxg4 79.Kc3 Kc5 80.Rh8 Rg3+ 81.
Kd2 Rg5 82.e6 Re5 83.Rh6 Kd6 84.Kd3 Rxe6 85.Rxe6+ Kxe6 86.Kd4 Kd6 1/2-1/2

[Event "11th Asia-ch - Manny Pacquiao Cup"]
[Site "Manila PHI"]
[Date "2013.05.25"]
[Round "8"]
[White "Dela Cruz, Noel"]
[Black "Segarra, Randy"]
[Result "1-0"]
[WhiteElo "2331"]
[BlackElo "2343"]
[EventDate "2013.05.18"]
[PlyCount "74"]

1.e4 c5 2.Nf3 e6 3.d4 cxd4 4.Nxd4 a6 5.Nc3 Qc7 6.g3 Bb4 7.Qd3 Nf6 8.Bg2 
Nc6 9.Nxc6 dxc6 10.O-O e5 11.a3 Be7 12.h3 Be6 13.f4 b5 14.Qf3 Rd8 15.Kh1 
h5 16.Qf2 a5 17.Be3 Qb7 18.Bb6 Ra8 19.Bc5 O-O 20.b3 h4 21.f5 hxg3 22.Qe3 
Bc8 23.Ne2 Bxc5 24.Qxc5 Qa7 25.Qxe5 Re8 26.Qf4 Qc5 27.Nxg3 Bb7 28.Rae1 Qe5
29.Qg5 c5 30.Rg1 Ra6 31.Bf3 Nh7 32.Qg4 Kh8 33.Nh5 g6 34.Ng3 Rg8 35.Nf1 Re8
36.Nh2 b4 37.a4 c4 1-0

[Event "11th Asia-ch - Manny Pacquiao Cup"]
[Site "Manila PHI"]
[Date "2013.05.25"]
[Round "8"]
[White "Pimentel, Joel"]
[Black "Nguyen Van Huy"]
[Result "0-1"]
[WhiteElo "2194"]
[BlackElo "2443"]
[EventDate "2013.05.18"]
[PlyCount "124"]

1.d4 Nf6 2.c4 e6 3.Nf3 d5 4.Bg5 Bb4+ 5.Nbd2 dxc4 6.e3 b5 7.Be2 Bb7 8.O-O 
O-O 9.a3 Bxd2 10.Nxd2 a6 11.Rc1 Qd5 12.Bf3 Qxg5 13.Bxb7 Ra7 14.f4 Qg6 15.
Bf3 c5 16.dxc5 Rc7 17.e4 e5 18.b3 Rxc5 19.fxe5 Nfd7 20.bxc4 Nxe5 21.cxb5 
Rxc1 22.Qxc1 Qb6+ 23.Kh1 Nd3 24.Nc4 Nf2+ 25.Rxf2 Qxf2 26.b6 Rc8 27.Qd1 g6 
28.Nd6 Rc3 29.h3 Qxb6 30.Qd5 Qc7 31.e5 Rc5 32.Qd4 Rc1+ 33.Kh2 Nc6 34.Qf4 
Rc5 35.Bxc6 Rxc6 36.Qf6 Qd7 37.h4 h5 38.Qf3 Rc7 39.Qa8+ Kh7 40.Ne4 Qc8 41.
Qd5 Re7 42.e6 Qc7+ 43.g3 fxe6 44.Qg5 Qc2+ 45.Kh3 Rf7 46.Qe3 Qb1 47.Kh2 
Qb2+ 48.Kh3 Kg7 49.Ng5 Re7 50.Qd3 Qb7 51.Kh2 e5 52.Qd6 Qd7 53.Qxa6 e4 54.
Qe2 Qd4 55.Kg2 e3 56.Nf3 Qc3 57.a4 Rb7 58.Kh3 Rb2 59.Qa6 Qc1 60.g4 Qh1+ 
61.Kg3 Qg2+ 62.Kf4 Qxg4+ 0-1

[Event "11th Asia-ch - Manny Pacquiao Cup"]
[Site "Manila PHI"]
[Date "2013.05.25"]
[Round "8"]
[White "Pascua, Haridas"]
[Black "Bilguun, Sumiya"]
[Result "1-0"]
[WhiteElo "2413"]
[BlackElo "2269"]
[EventDate "2013.05.18"]
[PlyCount "67"]

1.d4 d5 2.c4 e6 3.Nf3 c6 4.e3 Nf6 5.b3 Nbd7 6.Bd3 Be7 7.Bb2 O-O 8.Nc3 b6 
9.O-O Bb7 10.Qc2 h6 11.Rad1 Rc8 12.Qe2 Re8 13.Ne5 c5 14.f4 cxd4 15.exd4 
Bb4 16.Nb1 Ne4 17.cxd5 exd5 18.Bb5 Nef6 19.Rc1 Qe7 20.Kh1 Bd6 21.Nc3 Red8 
22.Rfe1 Nf8 23.Qf2 Bxe5 24.dxe5 Ng4 25.Qg3 h5 26.Bd3 d4 27.Ne4 Rxc1 28.
Rxc1 Bxe4 29.Bxe4 d3 30.h3 d2 31.Rd1 Nh6 32.f5 Qd7 33.e6 fxe6 34.Rxd2 1-0

[Event "11th Asia-ch - Manny Pacquiao Cup"]
[Site "Manila PHI"]
[Date "2013.05.25"]
[Round "8"]
[White "Akash, Ganesan"]
[Black "Ervan, Mohamad"]
[Result "1-0"]
[WhiteElo "2397"]
[BlackElo "2162"]
[EventDate "2013.05.18"]
[PlyCount "105"]

1.e4 c5 2.Nf3 e6 3.d4 cxd4 4.Nxd4 Nc6 5.Nb5 d6 6.c4 Nf6 7.N1c3 a6 8.Na3 
Be7 9.Be2 O-O 10.O-O b6 11.Be3 Bb7 12.Qd2 Rc8 13.Rfd1 Qc7 14.Rac1 Ne5 15.
f3 Nfd7 16.Kh1 Ng6 17.Nc2 Rfe8 18.Nd4 Qb8 19.b4 Bd8 20.Nb3 Bc7 21.Bf1 Rf8 
22.Rc2 Nf6 23.Bg1 Rfd8 24.Na4 Nd7 25.Qe1 Qa8 26.Rdc1 Bc6 27.Nb2 Bb7 28.Nd3
a5 29.a3 Nge5 30.Nb2 Nc6 31.Ra1 h6 32.Na4 Re8 33.Qd2 Qb8 34.Rb1 Qa8 35.Ra1
Red8 36.Nc3 Na7 37.Nd4 Ba6 38.Rb1 Bb8 39.Ncb5 d5 40.exd5 exd5 41.Nf5 Kf8 
42.Nxa7 Bxa7 43.Bd4 f6 44.Qf4 Ne5 45.Bxe5 fxe5 46.Qxe5 Qb7 47.Nd6 Qc7 48.
Qf5+ Kg8 49.Qxd5+ Kf8 50.Qf5+ Kg8 51.Qe6+ Kf8 52.Nxc8 Bxc8 53.Qg6 1-0

[Event "11th Asia-ch - Manny Pacquiao Cup"]
[Site "Manila PHI"]
[Date "2013.05.25"]
[Round "8"]
[White "Elorta, David"]
[Black "Nazario, Marc Christian"]
[Result "1-0"]
[WhiteElo "2348"]
[BlackElo "2023"]
[EventDate "2013.05.18"]
[PlyCount "118"]

1.Nf3 Nf6 2.d4 g6 3.Bf4 Bg7 4.c3 O-O 5.h3 d6 6.Nbd2 b6 7.a4 Bb7 8.e3 c5 9.
Be2 Nc6 10.O-O Qc7 11.Bh2 Rad8 12.Rc1 Qb8 13.Ra1 e5 14.dxe5 Nxe5 15.Qc2 
Nxf3+ 16.Bxf3 Bxf3 17.Nxf3 Qb7 18.Rfd1 d5 19.Be5 Rfe8 20.Bxf6 Bxf6 21.Rd2 
Rd7 22.Rad1 Red8 23.Qb3 a6 24.Qc2 Qc6 25.Ne1 Qb7 26.Nd3 d4 27.exd4 cxd4 
28.c4 Qc7 29.b3 a5 30.Re2 Re7 31.Rxe7 Bxe7 32.Re1 Bb4 33.Re4 Qc6 34.Qe2 
Qd6 35.Re5 Qf6 36.g3 Bd6 37.Rd5 Be7 38.Qe4 Rxd5 39.cxd5 Bd6 40.Kg2 Bc5 41.
f4 Qd6 42.g4 f6 43.Nb2 Kf7 44.Nc4 Qe7 45.Kf3 Qd7 46.f5 Kg7 47.Qe6 Qb7 48.
g5 Qf7 49.gxf6+ Qxf6 50.Qxf6+ Kxf6 51.fxg6 hxg6 52.Ke4 g5 53.Ne5 d3 54.
Nxd3 Bd6 55.Nf2 Kg6 56.Ng4 Kh5 57.Ne3 Bc7 58.Nf5 Kg6 59.d6 Bb8 1-0

[Event "11th Asia-ch - Manny Pacquiao Cup"]
[Site "Manila PHI"]
[Date "2013.05.25"]
[Round "8"]
[White "Mariano, Nelson"]
[Black "Liew Chee Meng, Jimmy"]
[Result "1-0"]
[WhiteElo "2282"]
[BlackElo "2287"]
[EventDate "2013.05.18"]
[PlyCount "51"]

1.e4 d6 2.d4 Nf6 3.Nc3 e5 4.Nf3 Nbd7 5.Bc4 Be7 6.O-O O-O 7.Re1 c6 8.a4 a5 
9.b3 exd4 10.Nxd4 Nb6 11.Bf1 Ne8 12.Ba3 g6 13.Nf3 Bg4 14.h3 Be6 15.Qd2 Qc7
16.Rac1 f6 17.Ne2 Bf7 18.Qh6 Nd7 19.Nfd4 Ng7 20.Nf4 g5 21.Qxg7+ Kxg7 22.
Nfe6+ Bxe6 23.Nxe6+ Kf7 24.Nxc7 Rac8 25.Bc4+ d5 26.Bxe7 1-0

[Event "11th Asia-ch - Manny Pacquiao Cup"]
[Site "Manila PHI"]
[Date "2013.05.25"]
[Round "8"]
[White "Galmandakh, Badrakh"]
[Black "Polao, Ben"]
[Result "1-0"]
[WhiteElo "2212"]
[BlackElo "2083"]
[EventDate "2013.05.18"]
[PlyCount "104"]

1.c4 e5 2.Nc3 Nc6 3.g3 Bb4 4.Bg2 Bxc3 5.bxc3 f5 6.c5 Nf6 7.Nf3 O-O 8.O-O 
d5 9.cxd6 cxd6 10.Rb1 Rb8 11.Qb3+ d5 12.d4 e4 13.Ne5 Be6 14.Nxc6 bxc6 15.
Qc2 Rxb1 16.Qxb1 Qb6 17.Bf4 Rf7 18.Qb4 Rb7 19.Rb1 Kf7 20.Rb3 Qxb4 21.cxb4 
Ke8 22.e3 Ke7 23.Bf1 h6 24.h4 Nd7 25.Kg2 Nf8 26.Be5 g5 27.Bg7 gxh4 28.gxh4
h5 29.Ba6 Rb6 30.Be2 Bf7 31.Kg3 Ne6 32.Be5 Be8 33.Bd1 Nf8 34.Be2 Ke6 35.
Bf4 Rb7 36.Bh6 Nd7 37.Rc3 Nf6 38.a3 Rh7 39.Bg5 Rg7 40.Bf1 Nh7 41.Kf4 Kd6 
42.Rc5 Nf8 43.Ra5 Ne6+ 44.Kg3 Nxg5 45.hxg5 Rxg5+ 46.Kh2 Rg7 47.Ra6 h4 48.
b5 Rb7 49.Kh3 Rb6 50.Rxb6 axb6 51.bxc6 Bxc6 52.Kxh4 Ba4 1-0

[Event "11th Asia-ch - Manny Pacquiao Cup"]
[Site "Manila PHI"]
[Date "2013.05.25"]
[Round "8"]
[White "Masruri, Rahman"]
[Black "Manuel Enofre, Efren"]
[Result "1-0"]
[WhiteElo "2165"]
[BlackElo "1974"]
[EventDate "2013.05.18"]
[PlyCount "71"]

1.e4 Nf6 2.e5 Nd5 3.d4 d6 4.c4 Nb6 5.exd6 cxd6 6.Nc3 g6 7.Be3 Bg7 8.Rc1 
O-O 9.b3 Nc6 10.Nf3 Bg4 11.d5 Ne5 12.Be2 Bxf3 13.Bxf3 Nxf3+ 14.Qxf3 Nd7 
15.O-O Qa5 16.Bg5 Rae8 17.Bd2 a6 18.Qh3 f5 19.Rfd1 Qc7 20.Ne2 Rf7 21.Bc3 
Bxc3 22.Qxc3 f4 23.Nd4 Ne5 24.Ne6 Qb8 25.f3 Qa7+ 26.c5 Rc8 27.Qd4 Rf6 28.
b4 Nd7 29.Rc4 Ne5 30.Rc3 h6 31.Kf1 Kh7 32.Rdc1 g5 33.Qe4+ Ng6 34.cxd6 Rxc3
35.Rxc3 Kg8 36.d7 1-0

[Event "11th Asia-ch - Manny Pacquiao Cup"]
[Site "Manila PHI"]
[Date "2013.05.25"]
[Round "8"]
[White "Sarangani, Usman"]
[Black "Galindo, Joseph"]
[Result "0-1"]
[WhiteElo "1932"]
[BlackElo "2081"]
[EventDate "2013.05.18"]
[PlyCount "100"]

1.c4 c5 2.Nf3 g6 3.d4 cxd4 4.Nxd4 Nf6 5.Nc3 Bg7 6.e4 d6 7.Be2 O-O 8.Be3 
Nc6 9.Nxc6 bxc6 10.O-O Rb8 11.Bxa7 Rxb2 12.Qc1 Nxe4 13.Qxb2 Nxc3 14.Rae1 
Nb5 15.Qxg7+ Kxg7 16.cxb5 cxb5 17.Bd4+ e5 18.Bc3 Be6 19.Bxb5 Bxa2 20.Ra1 
Be6 21.Rfd1 Qb6 22.Bf1 Qb3 23.Be1 Ra8 24.Rab1 Qa2 25.Bc3 Rc8 26.Be1 d5 27.
Ra1 Qc2 28.Bd3 Qc5 29.Ra5 Qd4 30.Be2 Qb2 31.Kf1 Rc1 32.Rb5 Qa1 33.Rxc1 
Qxc1 34.f3 Qc2 35.Bg3 f6 36.Rb7+ Bf7 37.Bb5 Qc8 38.Rb6 d4 39.Be1 Bc4+ 40.
Kf2 Bxb5 41.Rxb5 Qc2+ 42.Kg3 g5 43.Rb7+ Kg6 44.h3 e4 45.Re7 e3 46.Re4 Qc7+
47.f4 d3 48.Rd4 d2 49.Bxd2 exd2 50.Kf3 Qc3+ 0-1

[Event "11th Asia-ch - Manny Pacquiao Cup"]
[Site "Manila PHI"]
[Date "2013.05.26"]
[Round "9"]
[White "Li Chao"]
[Black "Paragua, Mark"]
[Result "1/2-1/2"]
[WhiteElo "2686"]
[BlackElo "2550"]
[EventDate "2013.05.18"]
[PlyCount "30"]

1.d4 d5 2.c4 c6 3.cxd5 cxd5 4.Bf4 Nf6 5.Nc3 Nc6 6.e3 Bg4 7.Qb3 Na5 8.Qa4+ 
Bd7 9.Qc2 Rc8 10.Bd3 e6 11.Nf3 Ne4 12.O-O Be7 13.a3 O-O 14.Ne5 b5 15.Qe2 
Be8 1/2-1/2

[Event "11th Asia-ch - Manny Pacquiao Cup"]
[Site "Manila PHI"]
[Date "2013.05.26"]
[Round "9"]
[White "Dzhumaev, Marat"]
[Black "Sasikiran, Krishnan"]
[Result "0-1"]
[WhiteElo "2549"]
[BlackElo "2669"]
[EventDate "2013.05.18"]
[PlyCount "116"]

1.e4 c5 2.Nf3 d6 3.d4 cxd4 4.Nxd4 Nf6 5.Nc3 a6 6.g3 e6 7.Bg2 Be7 8.O-O O-O
9.Be3 Nc6 10.a4 Qc7 11.Qe2 Re8 12.f4 Rb8 13.Kh1 Nxd4 14.Bxd4 b6 15.e5 Nd7 
16.Ne4 Bb7 17.exd6 Bxd6 18.Nxd6 Bxg2+ 19.Qxg2 Qxd6 20.Rad1 Qc7 21.Rf3 Rbd8
22.Rc3 Nc5 23.Qf3 a5 24.b3 Qd7 25.Re3 Qd5 26.Kg2 f6 27.Rd2 Qd6 28.Ree2 Qc7
29.Bf2 Rxd2 30.Rxd2 h6 31.Re2 Nd7 32.Qh5 Re7 33.Qf3 e5 34.Qa8+ Kh7 35.Qe4+
Kg8 36.Qa8+ Kh7 37.Qd5 Kg6 38.c4 Kh7 39.Qe4+ Kg8 40.Bd4 Qd6 41.Bf2 Kf7 42.
Qf3 exf4 43.Rxe7+ Kxe7 44.gxf4 f5 45.Kf1 Nc5 46.Bxc5 bxc5 47.Ke2 Kf7 48.h4
Qe7+ 49.Kd3 Qxh4 50.Qd5+ Kg6 51.Qxc5 Qxf4 52.Qxa5 Qe4+ 53.Kd2 Qd4+ 54.Kc2 
h5 55.c5 h4 56.Qa6+ Kh7 57.c6 Qe4+ 58.Kd2 h3 0-1

[Event "11th Asia-ch - Manny Pacquiao Cup"]
[Site "Manila PHI"]
[Date "2013.05.26"]
[Round "9"]
[White "Batchuluun, Cegmed"]
[Black "Nguyen Ngoc Truong Son"]
[Result "1/2-1/2"]
[WhiteElo "2507"]
[BlackElo "2631"]
[EventDate "2013.05.18"]
[PlyCount "63"]

1.d4 Nf6 2.c4 c5 3.d5 e6 4.Nc3 exd5 5.cxd5 d6 6.Nf3 g6 7.e4 Bg7 8.Bd3 O-O 
9.h3 Re8 10.O-O c4 11.Bxc4 Nxe4 12.Nxe4 Rxe4 13.Bd3 Re8 14.Bg5 Qa5 15.Re1 
Bd7 16.Rxe8+ Bxe8 17.Qe1 Qxe1+ 18.Rxe1 Nd7 19.Bb5 Ne5 20.Bxe8 Rxe8 21.Nxe5
Rxe5 22.Rxe5 Bxe5 23.b3 f5 24.Kf1 Kf7 25.Ke2 a6 26.a4 Bd4 27.Be3 Bxe3 28.
Kxe3 Kf6 29.f4 b6 30.b4 b5 31.axb5 axb5 32.g3 1/2-1/2

[Event "11th Asia-ch - Manny Pacquiao Cup"]
[Site "Manila PHI"]
[Date "2013.05.26"]
[Round "9"]
[White "Adhiban, Baskaran"]
[Black "Gomez, John Paul"]
[Result "1-0"]
[WhiteElo "2556"]
[BlackElo "2511"]
[EventDate "2013.05.18"]
[PlyCount "45"]

1.e4 e6 2.d4 d5 3.Nd2 Nf6 4.e5 Nfd7 5.f4 c5 6.c3 Nc6 7.Ndf3 Qb6 8.a3 Be7 
9.b4 cxd4 10.cxd4 f6 11.Bd3 O-O 12.h4 h6 13.Ne2 f5 14.h5 Qc7 15.Rg1 b5 16.
g4 fxg4 17.Rxg4 a5 18.Qc2 Nb6 19.Bxb5 Nc4 20.Bxc6 Qxc6 21.Qg6 Rf7 22.f5 
Qd7 23.f6 1-0

[Event "11th Asia-ch - Manny Pacquiao Cup"]
[Site "Manila PHI"]
[Date "2013.05.26"]
[Round "9"]
[White "Wan Yunguo"]
[Black "Lalith Babu, Musunuri Rohit"]
[Result "1/2-1/2"]
[WhiteElo "2509"]
[BlackElo "2572"]
[EventDate "2013.05.18"]
[PlyCount "90"]

1.e4 c6 2.d4 d5 3.e5 Bf5 4.Nf3 e6 5.Be2 Nd7 6.O-O h6 7.Nbd2 Ne7 8.Nb3 Nc8 
9.a4 Be7 10.Ne1 O-O 11.Bd3 Bxd3 12.Nxd3 Qc7 13.Qg4 Kh7 14.f4 f5 15.exf6 
Rxf6 16.Re1 Nf8 17.Nbc5 Nd6 18.Nxe6 Nxe6 19.Rxe6 Qc8 20.Nc5 b6 21.Qe2 bxc5
22.Rxe7 cxd4 23.Qd3+ Kh8 24.b4 Ne4 25.Bb2 Qf8 26.Re5 Rxf4 27.Bxd4 Qd6 28.
Rd1 Kg8 29.c4 Raf8 30.cxd5 cxd5 31.h3 Ng5 32.Rxg5 hxg5 33.Bc5 Qd7 34.Bxf8 
Kxf8 35.Qxd5 Qxd5 36.Rxd5 Rxb4 37.Ra5 g4 38.Rxa7 g3 39.Kf1 Rf4+ 40.Ke2 
Rf2+ 41.Ke3 Rxg2 42.Kf3 Rg1 43.Ra8+ Kf7 44.a5 Kg6 45.a6 Kh7 1/2-1/2

[Event "11th Asia-ch - Manny Pacquiao Cup"]
[Site "Manila PHI"]
[Date "2013.05.26"]
[Round "9"]
[White "Wang Chen"]
[Black "Ghaem Maghami, Ehsan"]
[Result "1/2-1/2"]
[WhiteElo "2498"]
[BlackElo "2568"]
[EventDate "2013.05.18"]
[PlyCount "71"]

1.e4 c5 2.Nf3 Nc6 3.Bb5 g6 4.O-O Bg7 5.Nc3 d6 6.d3 Bd7 7.Re1 Nd4 8.Nxd4 
cxd4 9.Bxd7+ Qxd7 10.Ne2 e6 11.b4 Ne7 12.Bb2 e5 13.c3 dxc3 14.Nxc3 O-O 15.
Qb3 Rfd8 16.Rad1 Rac8 17.a4 Qe6 18.Qa3 d5 19.b5 d4 20.Nb1 Bf8 21.Qa1 a6 
22.Na3 Ra8 23.f4 axb5 24.Nxb5 Qb3 25.Qa3 Qxa4 26.Qxa4 Rxa4 27.Rb1 exf4 28.
Bc1 f5 29.Bxf4 fxe4 30.Rxe4 Nc6 31.Nc7 Rb4 32.Rf1 Rb3 33.Rf3 Rb1+ 34.Kf2 
Rb2+ 35.Kg3 Bg7 36.Ne6 1/2-1/2

[Event "11th Asia-ch - Manny Pacquiao Cup"]
[Site "Manila PHI"]
[Date "2013.05.26"]
[Round "9"]
[White "Sadorra, Julio Catalino"]
[Black "Djao Thien Hai"]
[Result "1-0"]
[WhiteElo "2561"]
[BlackElo "2506"]
[EventDate "2013.05.18"]
[PlyCount "67"]

1.d4 d5 2.c4 c6 3.Nf3 Nf6 4.Qb3 dxc4 5.Qxc4 Bg4 6.Nc3 Nbd7 7.e4 Bxf3 8.
gxf3 e6 9.Be3 Be7 10.Rg1 g6 11.O-O-O b5 12.Qb3 O-O 13.Kb1 Qb8 14.Bh3 a5 
15.Bh6 Qxh2 16.Rh1 Qxf2 17.Rd3 c5 18.Qd1 cxd4 19.Rd2 Qg3 20.Bxf8 Nxf8 21.
Nxb5 e5 22.a4 Rd8 23.Rc2 Bb4 24.Rc7 Ne8 25.Ra7 Qf4 26.Qb3 Qf6 27.f4 Qxf4 
28.Ka2 Kh8 29.Bf5 Nf6 30.Qxf7 N8d7 31.Nc7 Qg5 32.Ne6 Qe3 33.Nxd8 gxf5 34.
Rxd7 1-0

[Event "11th Asia-ch - Manny Pacquiao Cup"]
[Site "Manila PHI"]
[Date "2013.05.26"]
[Round "9"]
[White "Laylo, Darwin"]
[Black "Santosh Gujrathi, Vidit"]
[Result "0-1"]
[WhiteElo "2504"]
[BlackElo "2549"]
[EventDate "2013.05.18"]
[PlyCount "82"]

1.d4 Nf6 2.c4 e6 3.Nf3 d5 4.Nc3 Bb4 5.Qa4+ Nc6 6.e3 O-O 7.Bd2 dxc4 8.Bxc4 
Bd6 9.e4 e5 10.d5 Nd4 11.Be2 Nxe2 12.Nxe2 Bd7 13.Qc2 c6 14.dxc6 Bxc6 15.
Nc3 Bb4 16.Nxe5 Bxc3 17.Bxc3 Bxe4 18.Qe2 Re8 19.O-O Qc7 20.f4 Bd5 21.Bd4 
Ne4 22.Qg4 f6 23.Nf3 Rad8 24.Rac1 Qa5 25.f5 Bxa2 26.h4 Bf7 27.Rfe1 h5 28.
Qf4 Nd6 29.Rxe8+ Nxe8 30.Bc3 Qd5 31.Bb4 b6 32.Re1 Nd6 33.Bxd6 Qxd6 34.Qxd6
Rxd6 35.Re7 a5 36.Rb7 Bd5 37.Rb8+ Kh7 38.Nd4 Be4 39.Nb5 Rd2 40.Nc3 Rxg2+ 
41.Kf1 Rg4 0-1

[Event "11th Asia-ch - Manny Pacquiao Cup"]
[Site "Manila PHI"]
[Date "2013.05.26"]
[Round "9"]
[White "Megaranto, Susanto"]
[Black "Arun Prasad, Subramanian"]
[Result "1/2-1/2"]
[WhiteElo "2531"]
[BlackElo "2521"]
[EventDate "2013.05.18"]
[PlyCount "82"]

1.d4 Nf6 2.Nf3 e6 3.c4 b6 4.a3 Ba6 5.e3 d5 6.Nbd2 Be7 7.cxd5 Bxf1 8.Nxf1 
Qxd5 9.Ng3 Nbd7 10.O-O O-O 11.Bd2 c5 12.dxc5 Nxc5 13.Bb4 Rac8 14.Rc1 Qb7 
15.Bxc5 Bxc5 16.Qb3 Rfd8 17.Rfd1 h6 18.Rxd8+ Rxd8 19.Rd1 Rc8 20.Qd3 Be7 
21.Ne2 Qe4 22.Qxe4 Nxe4 23.Rc1 Rxc1+ 24.Nxc1 Bf6 25.Nd3 Kf8 26.Kf1 Ke7 27.
Ke2 Kd6 28.Nd2 Nxd2 29.Kxd2 b5 30.e4 Bd4 31.b3 f5 32.f3 g5 33.g4 f4 34.Kc2
Bg1 35.h3 Bd4 36.Kb1 a5 37.a4 b4 38.Kc2 e5 39.Kd1 Kc6 40.Ke2 Kd6 41.Kd1 
Ke6 1/2-1/2

[Event "11th Asia-ch - Manny Pacquiao Cup"]
[Site "Manila PHI"]
[Date "2013.05.26"]
[Round "9"]
[White "Negi, Parimarjan"]
[Black "Firmansyah, Farid"]
[Result "1-0"]
[WhiteElo "2651"]
[BlackElo "2369"]
[EventDate "2013.05.18"]
[PlyCount "75"]

1.e4 e6 2.d4 d5 3.Nc3 Bb4 4.exd5 exd5 5.Bd3 Ne7 6.Qh5 Nbc6 7.a3 Bxc3+ 8.
bxc3 g6 9.Qf3 Bf5 10.Rb1 b6 11.Ne2 Qd7 12.Bg5 h6 13.Bf4 g5 14.Be5 Nxe5 15.
dxe5 Bxd3 16.cxd3 Qf5 17.Qxf5 Nxf5 18.g4 Ne7 19.f4 Kd7 20.Kd2 Rag8 21.f5 
h5 22.h3 hxg4 23.hxg4 Rh4 24.Rbg1 Nc6 25.d4 Rgh8 26.Ng3 Rh2+ 27.Kd3 R8h3 
28.Rxh2 Rxh2 29.Rh1 Rg2 30.Nf1 Rxg4 31.Rh7 Ke8 32.Rh8+ Kd7 33.Rh7 Ke8 34.
Rh8+ Kd7 35.Ne3 Rh4 36.Rf8 Nd8 37.Nxd5 c5 38.Nf6+ 1-0

[Event "11th Asia-ch - Manny Pacquiao Cup"]
[Site "Manila PHI"]
[Date "2013.05.26"]
[Round "9"]
[White "Gundavaa, Bayarsaihan"]
[Black "Nava, Roderick"]
[Result "1-0"]
[WhiteElo "2528"]
[BlackElo "2362"]
[EventDate "2013.05.18"]
[PlyCount "105"]

1.e4 c5 2.Nf3 d6 3.d4 cxd4 4.Nxd4 Nf6 5.Nc3 a6 6.Be3 e6 7.Be2 Qc7 8.g4 b5 
9.g5 Nfd7 10.a3 Bb7 11.Qd2 Nc6 12.Nxc6 Bxc6 13.h4 Qb7 14.Qd4 a5 15.O-O h6 
16.f3 hxg5 17.hxg5 b4 18.axb4 axb4 19.Rxa8+ Qxa8 20.Nb5 Qb8 21.Qa7 Qxa7 
22.Nxa7 Bb7 23.Nb5 Kd8 24.Rd1 d5 25.exd5 Bxd5 26.Kg2 Be7 27.Bf4 Rh5 28.Nd6
f6 29.g6 Nf8 30.Bd3 Bxd6 31.Bxd6 Nxg6 32.Bxg6 Rg5+ 33.Kf2 Rxg6 34.Bxb4 Kc7
35.c4 Bc6 36.Bd2 e5 37.b4 f5 38.b5 Be8 39.Bc3 Re6 40.Rd5 e4 41.Be5+ Kb7 
42.f4 Re7 43.Rd6 Rd7 44.Ra6 Rd2+ 45.Ke1 Rc2 46.Re6 Bh5 47.Re7+ Kb6 48.Bd4+
Ka5 49.b6 Rc1+ 50.Kd2 Rb1 51.Ra7+ Kb4 52.b7 Kxc4 53.Be5 1-0

[Event "11th Asia-ch - Manny Pacquiao Cup"]
[Site "Manila PHI"]
[Date "2013.05.26"]
[Round "9"]
[White "Gopal, Geetha Narayanan"]
[Black "Luthfi Ali, Muhammad"]
[Result "1-0"]
[WhiteElo "2526"]
[BlackElo "2246"]
[EventDate "2013.05.18"]
[PlyCount "61"]

1.e4 c5 2.Nf3 d6 3.d4 cxd4 4.Nxd4 Nf6 5.Nc3 g6 6.g3 Bg7 7.Bg2 O-O 8.O-O 
Nc6 9.Nde2 Bg4 10.h3 Bxe2 11.Nxe2 Rc8 12.c3 Nd7 13.Be3 b5 14.Qd2 a5 15.Nd4
Nxd4 16.cxd4 e5 17.dxe5 Nxe5 18.b3 Rc3 19.Rac1 b4 20.f4 Nd7 21.Rxc3 bxc3 
22.Qxd6 Nb8 23.Qxd8 Rxd8 24.e5 Bf8 25.Rc1 Rd3 26.Kf2 Ba3 27.Rc2 Bb2 28.Ke2
Rd7 29.Bb6 a4 30.bxa4 Na6 31.Bc6 1-0

[Event "11th Asia-ch - Manny Pacquiao Cup"]
[Site "Manila PHI"]
[Date "2013.05.26"]
[Round "9"]
[White "Bai Jinshi"]
[Black "Al-Sayed, Mohamad Naser"]
[Result "1-0"]
[WhiteElo "2369"]
[BlackElo "2502"]
[EventDate "2013.05.18"]
[PlyCount "59"]

1.d4 d5 2.c4 c6 3.Nf3 Nf6 4.Nc3 e6 5.Bg5 h6 6.Bh4 dxc4 7.e4 g5 8.Bg3 b5 9.
Be2 Bb7 10.O-O Nbd7 11.Ne5 h5 12.Nxd7 Qxd7 13.Be5 Rh6 14.f4 g4 15.Qc2 Ng8 
16.f5 exf5 17.exf5 Bd6 18.Rad1 f6 19.Ne4 Bc7 20.Nc5 Qe7 21.Bxc7 Qxc7 22.b3
cxb3 23.Qxb3 Ne7 24.Rfe1 O-O-O 25.Ne6 Qd6 26.Nxd8 Kxd8 27.Qf7 Rh8 28.d5 
cxd5 29.Bxb5 g3 30.h3 1-0

[Event "11th Asia-ch - Manny Pacquiao Cup"]
[Site "Manila PHI"]
[Date "2013.05.26"]
[Round "9"]
[White "Das, Debashis"]
[Black "Garma, Chito"]
[Result "1-0"]
[WhiteElo "2488"]
[BlackElo "2318"]
[EventDate "2013.05.18"]
[PlyCount "85"]

1.d4 Nf6 2.c4 c5 3.d5 e6 4.Nc3 exd5 5.cxd5 d6 6.Nf3 a6 7.a4 g6 8.Bf4 Nh5 
9.Bg5 f6 10.Bd2 Bg7 11.e4 O-O 12.Be2 f5 13.exf5 Bxf5 14.O-O Bf6 15.a5 Ng7 
16.Ra4 Bd7 17.Ra2 Bf5 18.Na4 Nd7 19.b4 Be4 20.Be1 Rc8 21.bxc5 Nxc5 22.Nb6 
Rc7 23.Bb4 Nh5 24.Nd2 Nf4 25.Bxc5 Bxg2 26.Be3 Be5 27.Bxf4 Rxf4 28.Kxg2 
Qg5+ 29.Kh1 Qh6 30.Bh5 Rh4 31.f4 Rxf4 32.Nf3 Qxh5 33.Nxe5 Qxe5 34.Re2 Qf5 
35.Rxf4 Qxf4 36.Re1 Rc3 37.Qe2 Rf3 38.Kg2 Qg4+ 39.Kh1 Qf4 40.Nc4 h5 41.
Nxd6 Kh7 42.Ne4 Kh6 43.d6 1-0

[Event "11th Asia-ch - Manny Pacquiao Cup"]
[Site "Manila PHI"]
[Date "2013.05.26"]
[Round "9"]
[White "Bancod, Ronald"]
[Black "Murshed, Niaz"]
[Result "1/2-1/2"]
[WhiteElo "2290"]
[BlackElo "2480"]
[EventDate "2013.05.18"]
[PlyCount "75"]

1.g3 d5 2.Bg2 Nf6 3.Nf3 g6 4.O-O Bg7 5.d3 O-O 6.Nbd2 c6 7.e4 Bg4 8.h3 Bxf3
9.Bxf3 Nbd7 10.Re1 e6 11.Bg2 a5 12.a4 Qb6 13.Nb3 Rfd8 14.Be3 Qc7 15.c4 
dxc4 16.dxc4 Nc5 17.Qc2 Nxb3 18.Qxb3 Nd7 19.c5 Nb8 20.Bf4 Be5 21.Bxe5 Qxe5
22.Qxb7 Na6 23.Qxc6 Nxc5 24.f4 Qd4+ 25.Kh2 Rac8 26.Qb5 Rb8 27.Rad1 Rxb5 
28.Rxd4 Rxd4 29.axb5 Rb4 30.Re2 Rxb5 31.Rc2 Na4 32.b3 Rxb3 33.Ra2 Nc3 34.
Rxa5 Ne2 35.f5 Nxg3 36.fxe6 fxe6 37.Ra7 Kf8 38.Rxh7 1/2-1/2

[Event "11th Asia-ch - Manny Pacquiao Cup"]
[Site "Manila PHI"]
[Date "2013.05.26"]
[Round "9"]
[White "Abelgas, Roel"]
[Black "Kuderinov, Kirill"]
[Result "1/2-1/2"]
[WhiteElo "2269"]
[BlackElo "2442"]
[EventDate "2013.05.18"]
[PlyCount "103"]

1.d4 d5 2.c4 dxc4 3.Nf3 Nf6 4.e3 e6 5.Bxc4 c5 6.O-O Be7 7.Qe2 cxd4 8.Rd1 
Nc6 9.Nxd4 Nxd4 10.Rxd4 Qc7 11.Bb5+ Bd7 12.Bxd7+ Nxd7 13.Rc4 Qb6 14.e4 O-O
15.Be3 Qa6 16.Nc3 Nb6 17.Rc7 Bd6 18.Qxa6 bxa6 19.Rc6 Rfd8 20.Bxb6 axb6 21.
Rxb6 Bc5 22.Rc6 Bd4 23.Rc1 g6 24.Kf1 Kg7 25.Ke2 Rab8 26.Rc2 a5 27.f3 Rd7 
28.g3 h5 29.b3 h4 30.Rd2 hxg3 31.hxg3 Rh8 32.Kd1 e5 33.Kc2 Rb7 34.Rc4 Rh1 
35.Ne2 Bb6 36.f4 Ra1 37.Nc3 exf4 38.gxf4 Be3 39.Rd5 Bxf4 40.Rxa5 g5 41.Nd5
Be5 42.Nb4 Bf4 43.Nd5 Bh2 44.Kd2 Rg1 45.Ke2 Be5 46.Ne3 f6 47.Kf2 Rh1 48.
Ra8 Rd7 49.Rcc8 Rh2+ 50.Kf3 Rh3+ 51.Ke2 Rh2+ 52.Kf3 1/2-1/2